Friends not Masters : (Record no. 13701)
[ view plain ]
| 000 -LEADER | |
|---|---|
| fixed length control field | 00625nam a2200217 a 4500 |
| 001 - CONTROL NUMBER | |
| JCCL Control Number | 13701 |
| 003 - CONTROL NUMBER IDENTIFIER | |
| JCCL marc code | BD-JhCC |
| 005 - DATE AND TIME OF LATEST TRANSACTION | |
| control field | 20240314130559.0 |
| 008 - FIXED-LENGTH DATA ELEMENTS--GENERAL INFORMATION | |
| fixed length control field | 240314b19672024bg |||| ||a| 001 0 eng d |
| 020 ## - INTERNATIONAL STANDARD BOOK NUMBER | |
| International Standard Book Number | 9789845062589 |
| 035 ## - SYSTEM CONTROL NUMBER | |
| system control number | (BD-JhCC)13701 |
| 040 ## - CATALOGING SOURCE | |
| Original cataloging agency | BD-JhCC |
| Modifying agency | BD-JhCC |
| 041 ## - LANGUAGE CODE | |
| Language code of Book | english |
| 082 ## - DEWEY DECIMAL CLASSIFICATION NUMBER | |
| Classification number | 327.5 |
| Author mark and Year | KHA 2024 |
| 100 ## - MAIN ENTRY--PERSONAL NAME | |
| Personal name | Khan, Mohammad Ayub |
| 245 ## - TITLE STATEMENT | |
| Title | Friends not Masters : |
| Remainder of title | A Political Autobiography / |
| Statement of responsibility, etc | Mohammad Ayub Khan. |
| 260 ## - PUBLICATION, DISTRIBUTION, ETC. (IMPRINT) | |
| Place of publication, distribution, etc | Dhaka: |
| Name of publisher, distributor, etc | University Press Limited; |
| Date of publication, distribution, etc | 2024. |
| 300 ## - PHYSICAL DESCRIPTION | |
| Pagination | viii, 275 p. : |
| Dimensions | 22 cm. |
| 650 ## - SUBJECT ADDED ENTRY--TOPICAL TERM | |
| Topical term or geographic name as entry element | International Political Personality |
| 942 ## - ADDED ENTRY ELEMENTS (KOHA) | |
| Source of classification or shelving scheme | Dewey Decimal Classification |
| Koha item type | Books |
| Source of classification or shelving scheme | Damaged status | Not for loan | Home library | Current library | Shelving location | Date of accession | Cost, normal purchase price | Total Checkouts | Full call number | Barcode | Date last seen | Date checked out | Copy number | Method of acquisition | Koha item type | Currency | Checked out |
|---|---|---|---|---|---|---|---|---|---|---|---|---|---|---|---|---|---|
| Dewey Decimal Classification | JCC Rouf Library | JCC Rouf Library | General Stacks | 600.00 | 1 | 327.5 KHA 2024 | 19055 | 08/18/2025 | 06/02/2024 | C-1 | Purchase | Books | BDT | ||||
| Dewey Decimal Classification | JCC Rouf Library | JCC Rouf Library | General Stacks | 600.00 | 4 | 327.5 KHA 2024 | 19056 | 11/10/2025 | 11/10/2025 | C-2 | Purchase | Books | BDT | 12/04/2025 |